| 000 | 00685cam a22002411 4500 | ||
|---|---|---|---|
| 001 | sa 65002236 | ||
| 003 | DLC | ||
| 005 | 20260227112115.0 | ||
| 008 | 831226s1964 ii 000 0 hin | ||
| 010 | _asa 65002236 | ||
| 035 | _a(OCoLC)21627028 | ||
| 040 |
_aDLC _cCU _dDLC |
||
| 042 | _apremarc | ||
| 050 | 0 | 0 |
_aPK2098.V26 _bS3 |
| 100 | 1 | _aVājapēyī, Kailāśa. | |
| 245 | 1 | 0 |
_aSaṅkrānta. _c[Lekhaka] Kailāśa Vājapeyī |
| 250 | _a[1. saṃskaraṇa | ||
| 260 |
_aKalakattā] _bBhāratīya Jñānapītha Prakāśana _c[1964] |
||
| 300 |
_a104 p. _c22 cm |
||
| 490 | 0 |
_aJñānapītha lokodaya granthamālā, _vgranthāṅka 202 |
|
| 500 | _aIn Hindi | ||
| 500 | _aPoems | ||
| 999 |
_c62538 _d62538 |
||